|
|
|
|
| LEADER |
00000cam a2200000 a 4500 |
| 001 |
vtls008322803 |
| 003 |
SK-MaSNL |
| 005 |
20260301141752.0 |
| 008 |
230403s1957 xo a f p 000 0 slo |
| 015 |
|
|
|a SNBA1957/08-01103
|
| 020 |
|
|
|q (viazané)
|
| 035 |
|
|
|a SK01SNK19570015020
|
| 035 |
|
|
|a urn:nbn:sk:snk-am3igf3
|
| 035 |
|
|
|a 3FF9C621-DF87-4D60-8F4A-BD8136CC0829
|
| 035 |
|
|
|a urn:nbn:sk:snk-am00ed3b
|
| 035 |
|
|
|a SKM000017483
|
| 040 |
|
|
|a SNK
|b slo
|c SNK
|e AACR2
|
| 041 |
1 |
|
|a slo
|h cze
|
| 044 |
|
|
|a xo
|c SK
|
| 072 |
|
7 |
|a 511.1
|x Aritmetika
|2 konspekt
|
| 072 |
|
7 |
|a 37.016
|x Učebné osnovy. Vyučovacie predmety. Učebnice
|2 konspekt
|
| 080 |
|
|
|a 511(075.3)
|2 1981
|
| 080 |
|
|
|a (075.3)
|2 2011
|
| 080 |
|
|
|a 511.1
|2 2001
|
| 245 |
0 |
0 |
|a Aritmetika pre 3. a 4. ročník pedagogických škôl pre vzdelanie učiteľov národných škôl
|c [autori: František Balada ... [et al.] za redakcie Emila Kraemera ; českú časť textu preložil: Štefan Malina]
|
| 250 |
|
|
|a 2. vyd.
|
| 260 |
|
|
|a Bratislava
|b Slovenské pedagogické nakladateľstvo
|c 1957
|
| 300 |
|
|
|a 214 strán
|b ilustrácie, tabuľky
|c 21 cm
|
| 366 |
|
|
|e 2500 kusov
|
| 500 |
|
|
|a Preložené z češtiny
|
| 650 |
0 |
7 |
|a aritmetika
|2 SNKPH
|9 734
|
| 655 |
|
7 |
|a učebnice stredných škôl
|2 SNKPH
|9 69323
|
| 700 |
1 |
|
|a Balada, František,
|d 1902-1961
|4 aut
|9 184145
|
| 700 |
1 |
|
|a Malina, Štefan,
|d 1919-
|4 aut
|4 trl
|9 184146
|
| 700 |
1 |
|
|a Kraemer, Emil,
|d 1910-2001
|4 lso
|9 86241
|
| 852 |
|
|
|a Slovenská národná knižnica
|
| 954 |
|
|
|a odborná, vedecká literatúra cudzojazyčná (svetová)
|2 lita
|
| 958 |
|
|
|a RK
|
| 958 |
|
|
|a TL
|
| 958 |
|
|
|a CZ
|
| 958 |
|
|
|a OP
|
| 958 |
|
|
|a OND
|
| 958 |
|
|
|a EUIPO
|
| 999 |
|
|
|c 768215
|d 770145
|
| 952 |
|
|
|a SNK
|b SNK
|y PREZ
|7 0
|p 17A0806321
|o snkSC 10490
|i snkKSP 2301/57
|0 0
|1 0
|4 0
|d 2019-10-21
|f 1
|l 0
|r 2025-07-09 00:00:00
|w 2026-02-24
|